000 01753nam a2200289 i 4500
001 102824
003 ES-MaACL
005 20250815064255.0
007 t|
008 051213s1787 sp |||| | spa d
130 0 _aCoplas de Mingo Revulgo.
_9160681
245 1 0 _aCoplas de Mingo Revulgo /
_ccompuestas por Rodrigo de Cota (El Tio) natural de la ciudad de Toledo ; glosadas por Hernando del Pulgar.
260 _aMadrid :
_bAntonio Sancha,
_c1787.
300 _a145 p. ;
_c26 cm.
490 1 _aColección de las crónicas y memorias de los reyes de Castilla ;
_v6
505 8 _aContiene incluida en la paginación: Coplas de Mingo Revulgo / glosadas por Juan Martínez de Barros ... año de 1564. Carta del levantamiento de Toledo en 19 de julio de 1467 : [traslado de una carta que está en los archivos de esta santa iglesia de Toledo que escribió Pedro de Mesa]. Claros varones de Castilla / de Fernando de Pulgar... Título I. Del rey Don Enrique Quarto. Compediosa historia hispanica edita á Roderico Sanctij... Tabla de los capitulos de [de la Cronica del rey d. Enrique el Quarto]
530 _aDisponible en formato digital.
700 1 _aCota, Rodrigo,
_dca. 1450-ca. 1504
_941158
700 1 _aPulgar, Fernando del (
_dca. 1430-ca. 1493)
_994365
700 1 _aMartínez de Barros, Juan.
_977980
700 1 _aMesa, Pedro de.
_980633
700 1 _aSánchez de Arévalo, Rodrigo.
_9102569
830 0 0 _aColección de las crónicas y memorias de los reyes de Castilla
_v6
_9184660
852 _aES-MaACL
_jR-1296(2)
_z- Encuadernado con otras obras
_x Olim : G-13142
856 _uhttp://bibliotecadigital.jcyl.es/i18n/consulta/registro.cmd?id=5445
_zBiblioteca Digital de Castilla y León
999 _c102824
_d102824